Politycy polskiej lewicy! - Statystyki

Ogólne statystyki
  • Ten quiz został rozwiązany 615 razy
  • Średni wynik to 8 z 21
Statystyki odpowiedzi
Opis Polityk % Poprawnych
Prezydent Polski (1995-2005) Aleksander Kwaśniewski
97%
Założyciel partii Wiosna Robert Biedroń
96%
Premier Polski, którego rząd wprowadził Polskę do Unii Europejskiej Leszek Miller
77%
Obecny lider Sojuszu Lewicy Demokratycznej Włodzimierz Czarzasty
76%
Jeden z liderów partii Lewica Razem słynny z debaty z 2015 r. Adrian Zandberg
71%
Premier Polski (2004-2005), prezes NBP (2010-2016) Marek Belka
52%
Założyciel ruchu, który przebojem wdarł się do Sejmu w 2011 roku Janusz Palikot
46%
Pierwszy lewicowy premier Polski (1995-1996) Józef Oleksy
42%
Niegdyś premier, a dzisiaj europoseł z ramienia SLD Włodzimierz Cimoszewicz
42%
Profesor nauk ekonomicznych znana z antyklerykalnych poglądów Joanna Senyszyn
36%
Liderka Zjednoczonej Lewicy w 2015 roku Barbara Nowacka
29%
Przewodniczący sejmowego klubu Lewicy od 2019 roku Krzysztof Gawkowski
28%
Kandydat SLD na Prezydenta w 2010 roku Grzegorz Napieralski
26%
Wiosenny europoseł ze Śląska, lokalny patriota Łukasz Kohut
22%
Posłanka i sekretarz SLD Anna Maria Żukowska
18%
Członkini Zarządu Krajowego Lewicy Razem, od 2019 posłanka Marcelina Zawisza
16%
Aktywistka na rzecz praw kobiet i wicemarszałek Sejmu 2011-2015 r. Wanda Nowicka
16%
Liderka Zielonych, od 2019 roku w Sejmie Małgorzata Tracz
15%
Wrocławska aktywistka na rzecz praw kobiet i reform edukacji; od 2019 roku posłanka Agnieszka Dziemianowicz-Bąk
14%
Zastępca Prezydenta Łodzi 2014-2019, następnie poseł Tomasz Trela
12%
Wiceprzewodnicząca Wiosny i senatorka od 2019 roku Gabriela Morawska-Stanecka
9%
Nie znaleziono quizów pasujących do podanych kryteriów
Rozkład punktacji
Procent ludzi z każdym wynikiem
Percentyl według liczby udzielonych odpowiedzi
Twoja historia wyników
Nie rozwiązałeś tego quizu